<?xml version="1.0" encoding="UTF-8"?>
<record
    xmlns:xsi="http://www.w3.org/2001/XMLSchema-instance"
    xsi:schemaLocation="http://www.loc.gov/MARC21/slim http://www.loc.gov/standards/marcxml/schema/MARC21slim.xsd"
    xmlns="http://www.loc.gov/MARC21/slim">

  <leader>00805nam a2200145   4500</leader>
  <controlfield tag="008">708 G216c</controlfield>
  <datafield tag="020" ind1=" " ind2=" ">
    <subfield code="a">9786079358372</subfield>
  </datafield>
  <datafield tag="082" ind1=" " ind2=" ">
    <subfield code="a">708</subfield>
    <subfield code="b">G216c</subfield>
  </datafield>
  <datafield tag="100" ind1=" " ind2=" ">
    <subfield code="a">Garcilazo, Gabriel </subfield>
    <subfield code="9">6964</subfield>
  </datafield>
  <datafield tag="245" ind1=" " ind2=" ">
    <subfield code="a">C&#xF3;dice vaquero </subfield>
  </datafield>
  <datafield tag="260" ind1=" " ind2=" ">
    <subfield code="a">M&#xE9;xico</subfield>
    <subfield code="b">Gobierno Estatal de Morelos </subfield>
    <subfield code="b">Secretar&#xED;a de Cultura </subfield>
    <subfield code="b">Direcci&#xF3;n General de Museos y Exposiciones </subfield>
    <subfield code="c">2017</subfield>
  </datafield>
  <datafield tag="300" ind1=" " ind2=" ">
    <subfield code="a">48 p.</subfield>
    <subfield code="b">il (col) </subfield>
    <subfield code="c">23,5 x 17 cm </subfield>
  </datafield>
  <datafield tag="505" ind1=" " ind2=" ">
    <subfield code="t">Presentaciones </subfield>
    <subfield code="t">C&#xF3;dice vaquero </subfield>
    <subfield code="r">Itzel Vargas Plata </subfield>
    <subfield code="t">Gabriel Garcilazo en entrevista con Tatiana Cuevas </subfield>
    <subfield code="t">Gabriel Garcilazo </subfield>
    <subfield code="t">Lista de obras / List of works </subfield>
    <subfield code="t">Cowboy Comic Codex </subfield>
    <subfield code="r">Itzel Vargas Plata </subfield>
    <subfield code="t">Gabriel Garcilazo interviewed by Tatiana Cuevas </subfield>
    <subfield code="t">Cr&#xE9;ditos y agradecimientos / Credits and aknowledgments </subfield>
  </datafield>
  <datafield tag="650" ind1=" " ind2=" ">
    <subfield code="x">arte contempor&#xE1;neo </subfield>
    <subfield code="x">arte - exhibiciones </subfield>
    <subfield code="x">arte - dibujo </subfield>
    <subfield code="x">M&#xE9;xico </subfield>
    <subfield code="9">6965</subfield>
  </datafield>
  <datafield tag="999" ind1=" " ind2=" ">
    <subfield code="c">1751</subfield>
    <subfield code="d">1751</subfield>
  </datafield>
  <datafield tag="952" ind1=" " ind2=" ">
    <subfield code="0">0</subfield>
    <subfield code="1">0</subfield>
    <subfield code="2">ddc</subfield>
    <subfield code="4">0</subfield>
    <subfield code="7">0</subfield>
    <subfield code="a">LV</subfield>
    <subfield code="b">LV</subfield>
    <subfield code="c">Monograf&#xED;as</subfield>
    <subfield code="d">2019-03-16</subfield>
    <subfield code="l">0</subfield>
    <subfield code="o">708 G216c</subfield>
    <subfield code="p">004756</subfield>
    <subfield code="r">2019-03-16 00:00:00</subfield>
    <subfield code="w">2019-03-16</subfield>
    <subfield code="y">01</subfield>
  </datafield>
</record>
